Le 100 città più popolose al Mondo - Statistics

Statistiche generali
  • Questo quiz è stato fatto 129 volte
  • Il punteggio medio è 48 su 100
Statistiche sulle risposte
Posizione Abitanti Città Nazione Definizione % Corretto
39 105 000 Tokyo Giappone Grande Area di (città)
98%
23 582 649 New York Stati Uniti Area metropolitana
97%
12° 21 893 095 Pechino Cina Municipalità capitale
95%
30° 14 372 596 Londra Regno Unito Area metropolitana
93%
25° 15 490 000 Los Angeles Stati Uniti Area metropolitana
93%
19° 18 800 000 Mosca Russia Grande area urbana
93%
25 514 000 Seul Corea del Sud Area metropolitana
93%
13° 21 804 515 Città del Messico Messico Entità federale a statuto speciale
92%
16° 20 076 000 Il Cairo Egitto Grande (città)
91%
41° 11 144 250 Parigi Francia Area urbana di (città)
89%
34° 13 293 000 Rio de Janeiro Brasile Regione metropolitana
89%
28° 14 966 533 Buenos Aires Argentina Grande (città)
88%
31 870 000 Delhi India Municipalità metropolitana
87%
24° 15 519 267 Istanbul Turchia Municipalità metropolitana
87%
10° 22 495 000 San Paolo Brasile Regione metropolitana
86%
41 354 149 Shanghai Cina Municipalità autonoma
84%
35 386 000 Giacarta Indonesia Capoluogo di distretto speciale
82%
84° 5 770 600 Madrid Spagna Area urbana di (città)
80%
68° 7 429 000 Hong Kong Hong Kong Regione amministrativa speciale
78%
28 250 000 Manila Filippine Area metropolitana di (città)
78%
20° 17 573 000 Bangkok Thailandia Area amministrativa speciale
77%
98° 5 100 246 Barcellona Spagna Area metropolitana
76%
44° 10 683 240 Lima Perù Municipalità metropolitana
76%
96° 5 103 788 Berlino Germania Area metropolitana
75%
36° 12 545 272 Bogotà Colombia Distretto della capitale
74%
93° 5 361 466 Sydney Australia Area urbana
74%
91° 5 383 000 San Pietroburgo Russia Città federale
73%
33° 13 819 000 Teheran Iran Città capitale
71%
60° 8 126 755 Baghdad Iraq Governatorato urbano
69%
11° 22 478 000 Dacca Bangladesh Area urbana
69%
83° 5 792 000 Singapore Singapore Città-Stato
69%
17° 19 795 895 Hanoi Vietnam Municipalità provinciale
68%
27 100 000 Mumbai India Area metropolitana
68%
18° 19 303 000 Osaka Giappone Keihanshin (area metropolitana)
68%
85° 5 747 325 Ankara Turchia Municipalità metropolitana
67%
15° 21 000 534 Lagos Nigeria Area metropolitana
67%
80° 6 036 000 Dubai Emirati Arabi Uniti Area urbana
65%
76° 6 304 975 Washington Stati Uniti Area urbana
65%
54° 8 718 500 Chicago Stati Uniti Area urbana di (città)
64%
46° 10 400 676 Nairobi Kenya Provincia
63%
87° 5 645 566 Caracas Venezuela Città capitale
62%
52° 9 150 000 Taipei Taiwan Area metropolitana (città)-Taoyuan
62%
73° 6 907 000 Riad Arabia Saudita Municipalità
61%
78° 6 140 000 Miami Stati Uniti Area urbana di (città)
60%
63° 7 860 781 Johannesburg Sudafrica Area metropolitana
59%
56° 8 639 000 Kuala Lumpur Malesia Valle di Klang
59%
72° 6 985 000 Toronto Canada Area metropolitana
58%
27° 15 056 000 Kinshasa RD del Congo Città-provincia
57%
99° 5 096 298 Melbourne Australia Città
55%
23° 15 874 000 Calcutta India Agglomerato urbano
51%
95° 5 138 000 Accra Ghana Città regione
49%
88° 5 600 000 Amman Giordania Municipalità capitale
49%
61° 8 121 108 Dallas Stati Uniti Area metropolitana di (città)-Fort Worth
48%
53° 8 883 000 Luanda Angola Municipalità
45%
100° 5 086 000 Alessandria d'Egitto Egitto Governatorato urbano
44%
14° 21 489 000 Canton Cina Città sub-provinciale
42%
42° 10 892 900 Wuhan Cina Città sub-provinciale
42%
79° 6 096 120 Filadelfia Stati Uniti Valle del Delaware
36%
31° 13 999 000 Bangalore India Corporazione Municipale
35%
21° 16 051 521 Karachi Pakistan Distretto cittadino
35%
81° 6 017 000 Khartum Sudan Città
35%
32° 13 954 000 Ho Chi Minh Vietnam Municipalità provinciale
33%
39° 11 738 000 Lahore Pakistan Distretto urbano
33%
71° 7 112 808 Santiago del Cile Cile Comune
32%
32 054 159 Chongqing Cina Municipalità autonoma
27%
29° 14 678 000 Shenzhen Cina Distretto centrale
27%
90° 5 437 000 Guadalajara Messico Municipio
26%
97° 5 100 261 Atlanta Stati Uniti Area urbana di (città)
25%
67° 7 461 000 Dar es Salaam Tanzania Area urbana
23%
64° 7 735 839 Busan Corea del Sud Area metropolitana di (città)-Gyeongnam
21%
65° 7 729 000 Nanchino Cina Città sub-provinciale
19%
22° 16 044 700 Chengdu Cina Municipalità direttamente controllata
17%
50° 9 522 000 Nagoya Giappone Città designata
17%
38° 12 283 922 Xi'an Cina Città sub-provinciale
17%
75° 6 497 000 Yangon Birmania Città
17%
48° 9 840 000 Hyderabad India Corporazione Municipale
16%
40° 11 564 000 Chennai India Corporazione Municipale
15%
49° 9 570 870 Surabaya Indonesia Capoluogo di distretto speciale
15%
92° 5 381 826 Abidjan Costa d'Avorio Distretto
14%
82° 5 972 000 Belo Horizonte Brasile Area metropolitana
13%
89° 5 551 000 Fukuoka Giappone Area metropolitana
12%
86° 5 650 000 Monterrey Messico Municipio
12%
26° 15 200 000 Tientsin Cina Municipalità autonoma
12%
66° 7 717 000 Ahmedabad India Corporazione Municipale
8%
35° 13 035 329 Hangzhou Cina Area metropolitana
8%
69° 7 284 148 Xiamen Cina Città sub-provinciale
8%
57° 8 357 393 Bandung Indonesia Capoluogo di distretto speciale
7%
94° 5 300 000 Dalian Cina Città sub-provinciale
7%
45° 10 635 971 Harbin Cina Città sub-provinciale
7%
77° 6 232 000 Qingdao Cina Città sub-provinciale
7%
55° 8 700 000 Jinan Cina Città sub-provinciale
6%
62° 7 948 000 Pune India Corporazione Municipale
6%
74° 6 564 000 Surat India Corporazione Municipale
6%
59° 8 294 000 Shenyang Cina Città sub-provinciale
5%
47° 10 071 722 Tsingtao Cina Area metropolitana
5%
58° 8 342 500 Dongguan Cina Città-prefettura
4%
43° 10 721 700 Suzhou Cina Città-prefettura
4%
70° 7 236 000 Foshan Cina Città sub-provinciale
3%
37° 12 543 024 Shantou Cina Città-prefettura
2%
51° 9 190 374 Wenzhou Cina Città-prefettura
1%
Nessun quiz corrispondente trovato
Distribuzione punteggi
Percentuale di utenti per punteggio
Percentile per numero di risposta
I tuoi punteggi nel tempo
Non hai fatto questo quiz